| 000 | 00377nam a2200145Ia 4500 | ||
|---|---|---|---|
| 008 | 231217s9999 xx 000 0 und d | ||
| 041 | _aEnglish | ||
| 082 | _a658.076 CHO1;1 `R' | ||
| 100 | _aChopra, Ravi | ||
| 245 | 0 | _aMaster key to MBA entrance exam: Single key for every MBA entrance | |
| 260 |
_c1991 _bGalgotia |
||
| 300 | _avi-18-14 | ||
| 650 | _aMBA | ||
| 942 | _cAA | ||
| 999 |
_c166257 _d166257 |
||